=LDR 00000nam 2200000 4500 =001 NUTBA000000000004424 =005 20140912110229.0 =006 =007 =008 =020 ##$$a 978-602-9211-73-3 =035 ##$$a 0010-091400000000457 =040 ##$$a NBPDMAT =082 ##$$a 613.042 44 =090 ##$$a 613.042 44 $b Foe m =100 ##$$a Foezi Citra Cuaca Elmart =245 ##$$a Mahir menjaga organ intim wanita / $c Foezi Citra Cuaca Elmart ; editor, Dhita =260 ##$$a Solo : $b Tinta Media, $c 2012 =300 ##$$a ix, 157 hlm. : $b ilus. ; $c 19 cm. =650 ##$$a Wanita - Kesehatan =700 ##$$a Dhita =850 ##$$a NBPDMAT =990 ##$$a 21409032